Elements by Letter - A - Statistics

General Stats
  • This quiz has been taken 215 times
    208 since last reset
  • The average score is 6 of 7
Answer Stats
Elements % Correct
Argon
92%
Arsenic
90%
Aluminium
87%
Astatine
81%
Antimony
76%
Americium
72%
Actinium
69%
No matching quizzes found
Score Distribution
Percent of People with Each Score
Percentile by Number Answered
Your Score History
You have not taken this quiz since the last reset